Prístup krajín V4 k visegrádskej spolupráci

Zintenzívnenie vzájomnej spolupráce stredoeurópskych postkomunistických štátov a podpis vyšehradskej deklarácie 15.2.1991. Prístup jednotlivých krajín (Poľsko, Maďarsko, Česká republika, Slovensko) k vyšehradskej spolupráci.

Salvato in:
Dettagli Bibliografici
Autore principale: Mattoš, Boris, 1977-
Natura: Capitolo di libro
Lingua:slovacco
Soggetti:
Tags: Aggiungi Tag
Nessun Tag, puoi essere il primo ad aggiungerne!!

MARC

LEADER 00000naa$a2200000$$$4500
001 0226762
005 20240502073733.6
041 0 |a slo 
044 |a SK 
245 1 0 |a Prístup krajín V4 k visegrádskej spolupráci  |c Boris Mattoš 
520 |a Zintenzívnenie vzájomnej spolupráce stredoeurópskych postkomunistických štátov a podpis vyšehradskej deklarácie 15.2.1991. Prístup jednotlivých krajín (Poľsko, Maďarsko, Česká republika, Slovensko) k vyšehradskej spolupráci. 
610 2 0 |a Vyšehradská štvorka 
610 2 0 |a spolupráca hospodárska medzinárodná 
610 2 0 |a vzťahy medzinárodné 
100 1 |a Mattoš, Boris, 1977-